UBT Library

The treasury of the gun. (Record no. 39661)

000 -LEADER
fixed length control field 00619cam a22002051 4500
001 - CONTROL NUMBER
control field 3112624
005 - DATE AND TIME OF LATEST TRANSACTION
control field 20180104040338.0
008 - FIXED-LENGTH DATA ELEMENTS--GENERAL INFORMATION
fixed length control field 730109s1962 nyuac b 000 0 eng
010 ## - LIBRARY OF CONGRESS CONTROL NUMBER
LC control number 62015426
040 ## - CATALOGING SOURCE
Original cataloging agency DLC
Transcribing agency DLC
Modifying agency DLC
041 ## - LANGUAGE CODE
Language code of text/sound track or separate title eng
080 ## - UNIVERSAL DECIMAL CLASSIFICATION NUMBER
Universal Decimal Classification number 623.44075
082 00 - DEWEY DECIMAL CLASSIFICATION NUMBER
Classification number 623.44075 PET
100 1# - Rafti
Rafti 26
101 ## - Shkurtesa
Shkurtesa MEK
245 14 - TITLE STATEMENT
Title The treasury of the gun.
Statement of responsibility, etc Technical consultation by Howard L. Blackmore, Claude Blair [and] William Reid. [Special photography by Arie de Zanger]
504 ## - BIBLIOGRAPHY, ETC. NOTE
Bibliography, etc Bibliography: p. [247]-[248]
906 ## - LOCAL DATA ELEMENT F, LDF (RLIN)
a 7
b cbc
c orignew
d u
e ocip
f 19
g y-gencatlg
942 ## - ADDED ENTRY ELEMENTS (KOHA)
Source of classification or shelving scheme
Item type Books
Holdings
Withdrawn status Lost status Source of classification or shelving scheme Damaged status Not for loan Permanent location Current location Date acquired Total Checkouts Full call number Barcode Date last seen Price effective from Koha item type
          UBT - Lipjan UBT - Lipjan 01/04/2018   623.44075 PET 002-2994349 01/04/2018 01/04/2018 Books
UBT Library © 2015-2024. All rights reserved University Education for Business and Technology